La prueba en el derecho procesal penal : (Registro nro. 28995)
[ vista simple ]
| 000 -LEADER | |
|---|---|
| fixed length control field | 01977nam a2200265Ia 4500 |
| 003 - CONTROL NUMBER IDENTIFIER | |
| control field | CO-CtgCURN |
| 005 - DATE AND TIME OF LATEST TRANSACTION | |
| control field | 20250411165930.0 |
| 008 - FIXED-LENGTH DATA ELEMENTS--GENERAL INFORMATION | |
| fixed length control field | 190723s2002 xx 000 0 und d |
| 020 ## - INTERNATIONAL STANDARD BOOK NUMBER | |
| International Standard Book Number | 9586903656 |
| 040 ## - CATALOGING SOURCE | |
| Original cataloging agency | CO-CtgCURN |
| Language of cataloging | spa |
| Transcribing agency | coctgcurn |
| 082 ## - DEWEY DECIMAL CLASSIFICATION NUMBER | |
| Classification number | 345.3 |
| Item number | F465p |
| 100 ## - MAIN ENTRY--PERSONAL NAME | |
| Personal name | Fierro-Méndez, Heliodoro |
| Relator term | autor |
| 9 (RLIN) | 9559 |
| 245 #0 - TITLE STATEMENT | |
| Title | La prueba en el derecho procesal penal : |
| Remainder of title | conforme con el nuevo código de procedimiento penal / |
| Statement of responsibility, etc. | Heliodoro Fierro-Méndez |
| 250 ## - EDITION STATEMENT | |
| Edition statement | 2 edición |
| 260 ## - PUBLICATION, DISTRIBUTION, ETC. | |
| Place of publication, distribution, etc. | Bogotá, Colombia : |
| Name of publisher, distributor, etc. | Leyer, |
| Date of publication, distribution, etc. | 2002 |
| 300 ## - PHYSICAL DESCRIPTION | |
| Extent | 590 páginas ; |
| Dimensions | 24 centímetros |
| 500 ## - GENERAL NOTE | |
| General note | Incluye índice |
| 504 ## - BIBLIOGRAPHY, ETC. NOTE | |
| Bibliography, etc. note | Incluye referencias bibliográficas (p. [581]-584) |
| 505 ## - FORMATTED CONTENTS NOTE | |
| Formatted contents note | Pte. I. Introducción al tema -- La prueba en la edad media y los juicios de Dios -- Necesidad de la prueba en asunto penal -- Pte. II. La prueba -- Cap. 1. Conceptuación del vocablo prueba -- Cap. 2. Clasificación de la prueba -- Elementos que coadyuvan a la formación de la prueba -- Finalidad de la prueba -- Pte. III. Medios de prueba -- Cap. 1. Conceptuación acerca del medio de prueba -- Cap. 2. Clasificación de los medios de prueba -- Cap. 3. Elementos de los medios de prueba -- Cap. 4. Los medios de prueba en particular -- Cap. 5. Elección de los medios de prueba -- Pte. IV. Racionalidad y razonabilidad en la estructura probatoria -- La estructura probatoria -- Principios de rectores de carácter general de la prueba, y de los medios de prueba -- El dogma de la carga de la prueba -- Calificación e impecabilidad de la parte formal de la estructura probatoria o aspectos de derecho -- Valoración de la parte racional de la estructura probatoria o aspectos de hecho -- Racionalidad -- Pte. V. Suplemento jurisprudencial. |
| 521 ## - TARGET AUDIENCE NOTE | |
| Target audience note | AREA PROFESIONAL |
| 590 ## - LOCAL NOTE (RLIN) | |
| Local note | Programa de Derecho_18 |
| 650 ## - SUBJECT ADDED ENTRY--TOPICAL TERM | |
| Topical term or geographic name entry element | Prueba (Derecho) |
| 9 (RLIN) | 9560 |
| 942 ## - ADDED ENTRY ELEMENTS (KOHA) | |
| Koha item type | Libros |
| Classification part | 345.3 |
| Item part | F465p |
| Source of classification or shelving scheme | Dewey Decimal Classification |
| Suppress in OPAC | No |
| Withdrawn status | Lost status | Damaged status | Not for loan | Collection | Home library | Current library | Shelving location | Date acquired | Inventory number | Total checkouts | Full call number | Barcode | Date last seen | Copy number | Price effective from | Koha item type |
|---|---|---|---|---|---|---|---|---|---|---|---|---|---|---|---|---|
| Miguel Henríquez Castañeda Barranquilla | Miguel Henríquez Castañeda Barranquilla | General | 05/23/2018 | 01801 | 345.3 F465p | 01801 | 07/23/2019 | ej.1 | 07/23/2019 | Libros |